[Event "9th RTU Open 2019"]
[Site "Riga"]
[Date "2019.08.09"]
[Round "8.31"]
[White "Kjartansson, Gudmundur"]
[Black "Ioannidis, Evgenios"]
[Result "0-1"]
[WhiteElo "2470"]
[BlackElo "2367"]
[Annotator "ChessBase"]
[PlyCount "80"]
[EventDate "2019.08.05"]
[EventType "swiss"]
[EventCountry "LAT"]
[SourceTitle "playchess.com"]
[Source "ChessBase"]
[SourceQuality "1"]
[TimeControl "5400+30"]

1. d4 {[%emt 0:01:51]} d5 {[%emt 0:02:16]} 2. c4 {[%emt 0:00:00]} c6 {[%emt 0:00:13]} 3. Nc3 {[%emt 0:00:00]} Nf6 {[%emt 0:00:18]} 4. e3 {[%emt 0:00:00]} e6 {[%emt 0:00:24]} 5. Nf3 {[%emt 0:00:00]} Nbd7 {[%emt 0:00:14]} 6. Qc2 {[%emt 0:00:00]} Bd6 {[%emt 0:00:23]} 7. Bd3 {[%emt 0:00:00]} O-O {[%emt 0:00:26]} 8. O-O {[%emt 0:00:00]} dxc4 {[%emt 0:00:14]} 9. Bxc4 {[%emt 0:00:00]} b5 {[%emt 0:00:33]} 10. Be2 {[%emt 0:00:50]} Bb7 {[%emt 0:00:33]} 11. e4 {[%emt 0:04:03]} e5 {[%emt 0:00:40]} 12. dxe5 {[%emt 0:00:33]} Nxe5 {[%emt 0:00:18]} 13. Nh4 {[%emt 0:01:02]} b4 {[%emt 0:11:53]} 14. Rd1 {[%emt 0:23:59]} bxc3 {[%emt 0:04:42]} 15. Nf5 {[%emt 0:00:06]} Ne8 {[%emt 0:02:24]} 16. Bf4 {[%emt 0:26:36]} Qf6 {[%emt 0:03:47]} 17. Qxc3 {[%emt 0:01:57]} Bc7 {[%emt 0:00:05]} 18. Qb4 {[%emt 0:00:54]} g5 {[%emt 0:01:29]} 19. Bxe5 {[%emt 0:09:26]} Qxe5 {[%emt 0:00:24]} 20. Nh6+ {[%emt 0:00:10]} Kg7 {[%emt 0:00:06]} 21. Ng4 {[%emt 0:00:05]} Qe6 {[%emt 0:12:02]} 22. Qxb7 {[%emt 0:00:26]} Rb8 {[%emt 0:00:02]} 23. Qxa7 {[%emt 0:01:05]} Rb4 {[%emt 0:01:05]} 24. Ne3 {[%emt 0:09:54]} Rxb2 {[%emt 0:13:03]} 25. Bd3 {[%emt 0:04:30]} Kg8 {[%emt 0:22:38]} 26. Nc4 {[%emt 0:02:01]} Rb4 {[%emt 0:02:21]} 27. Qc5 {[%emt 0:01:05]} Rb5 {[%emt 0:00:04]} 28. Qd4 {[%emt 0:00:44]} Nf6 {[%emt 0:01:18]} 29. a4 {[%emt 0:03:12]} Rd8 {[%emt 0:02:58]} 30. Qc3 {[%emt 0:02:07]} Rc5 {[%emt 0:01:58]} 31. a5 {[%emt 0:04:21]} Nxe4 {[%emt 0:04:31]} 32. Bxe4 {[%emt 0:01:43]} Rxd1+ {[%emt 0:00:15]} 33. Rxd1 {[%emt 0:00:03]} Rxc4 {[%emt 0:00:31]} 34. Qa1 {[%emt 0:02:24]} Rxe4 {[%emt 0:02:50]} 35. a6 {[%emt 0:00:06]} Qe5 {[%emt 0:01:19]} 36. f4 {[%emt 0:02:15]} Qxf4 {[%emt 0:02:11]} 37. g3 {[%emt 0:00:29]} Bb6+ {[%emt 0:00:11]} 38. Kg2 {[%emt 0:00:12]} Re2+ {[%emt 0:00:07]} 39. Kh3 {[%emt 0:00:03]} Qf5+ {[%emt 0:00:04]} 40. g4 {[%emt 0:00:03]} Qf3# {[%emt 0:00:03]} 0-1

[Event "9th RTU Open 2019"]
[Site "Riga"]
[Date "2019.08.09"]
[Round "8.32"]
[White "Usmanov, Vasily"]
[Black "Narva, Mai"]
[Result "1-0"]
[WhiteElo "2443"]
[BlackElo "2358"]
[Annotator "NA"]
[PlyCount "131"]
[EventDate "2019.08.05"]
[EventType "swiss"]
[EventCountry "LAT"]
[SourceTitle "playchess.com"]
[Source "ChessBase"]
[SourceQuality "1"]
[TimeControl "5400+30"]

1. c4 {[%emt 0:00:00]} Nf6 {[%emt 0:00:00]} 2. Nc3 {[%emt 0:00:00]} e6 {[%emt 0:00:44]} 3. e4 {[%emt 0:00:00]} d5 {[%emt 0:02:28]} 4. e5 {[%emt 0:00:00]} Nfd7 {[%emt 0:03:53]} 5. d4 {[%emt 0:00:28]} dxc4 {[%emt 0:01:43]} 6. Bxc4 {[%emt 0:00:07]} c5 {[%emt 0:04:19]} 7. d5 {[%emt 0:00:32]} Nxe5 {[%emt 0:04:21]} 8. Bb5+ {[%emt 0:00:05]} Bd7 {[%emt 0:02:28]} 9. dxe6 {[%emt 0:04:31]} Bxb5 {[%emt 0:04:41]} 10. exf7+ {[%emt 0:00:15]} Nxf7 {[%emt 0:00:11]} 11. Qxd8+ {[%emt 0:00:05]} Nxd8 {[%emt 0:07:19]} 12. Nxb5 {[%emt 0:00:03]} Ne6 {[%emt 0:00:51]} 13. Nf3 {[%emt 0:00:01]} Be7 {[%emt 0:08:26]} 14. O-O {[%emt 0:06:14]} Nc6 {[%emt 0:01:38]} 15. Re1 {[%emt 0:01:33]} Kf7 {[%emt 0:01:10]} 16. Be3 {[%emt 0:10:06]} Rhd8 {[%emt 0:04:43]} 17. h4 {[%emt 0:05:09]} h6 {[%emt 0:01:04]} 18. Rac1 {[%emt 0:01:45]} Rac8 {[%emt 0:09:54]} 19. g3 {[%emt 0:08:35]} Bf6 {[%emt 0:06:55]} 20. Rcd1 {[%emt 0:10:41]} Ncd4 {[%emt 0:09:27]} 21. Bxd4 {[%emt 0:03:01]} cxd4 {[%emt 0:01:12]} 22. Re2 {[%emt 0:07:59]} Rc5 {[%emt 0:12:12]} 23. Na3 {[%emt 0:00:21]} b5 {[%emt 0:04:43]} 24. Ne1 {[%emt 0:01:40]} b4 {[%emt 0:03:26]} 25. Nac2 {[%emt 0:01:12]} a5 {[%emt 0:00:25]} 26. Nd3 {[%emt 0:00:20]} Rf5 {[%emt 0:01:39]} 27. Kg2 {[%emt 0:03:00]} Rc8 {[%emt 0:01:14]} 28. Nce1 {[%emt 0:00:25]} g5 {[%emt 0:01:25]} 29. hxg5 {[%emt 0:00:05]} hxg5 {[%emt 0:00:24]} 30. Nf3 {[%emt 0:00:34]} Nc5 {[%emt 0:01:20]} 31. Nde5+ {[%emt 0:03:14]} Kg8 {[%emt 0:00:34]} 32. Rxd4 {[%emt 0:00:49]} Re8 {[%emt 0:00:34]} 33. Rd5 {[%emt 0:00:12]} Na4 {[%emt 0:00:34]} 34. Rxa5 {[%emt 0:01:10]} Nb6 {[%emt 0:00:17]} 35. Ng4 {[%emt 0:01:54]} Rxe2 {[%emt 0:00:27]} 36. Rxf5 {[%emt 0:00:08]} Bxb2 {[%emt 0:00:11]} 37. Rxg5+ {[%emt 0:00:03]} Kf8 {[%emt 0:00:21]} 38. Rb5 {[%emt 0:00:06]} Re4 {[%emt 0:00:33]} 39. Ne3 {[%emt 0:02:05]} Nc4 {[%emt 0:01:08]} 40. Nxc4 {[%emt 0:03:53]} Rxc4 {[%emt 0:00:06]} 41. Ne5 {[%emt 0:00:14]} Re4 {[%emt 0:00:56]} 42. f4 {[%emt 0:00:09]} Bc3 {[%emt 0:00:29]} 43. Kf3 {[%emt 0:00:06]} Re1 {[%emt 0:00:30]} 44. Nd3 {[%emt 0:01:30]} Rb1 {[%emt 0:00:32]} 45. Rb7 {[%emt 0:00:43]} Ke8 {[%emt 0:00:30]} 46. g4 {[%emt 0:00:43]} Rf1+ {[%emt 0:00:31]} 47. Ke4 {[%emt 0:00:11]} Ra1 {[%emt 0:00:28]} 48. Nxb4 {[%emt 0:01:06]} Rb1 {[%emt 0:00:17]} 49. a3 {[%emt 0:00:09]} Rb3 {[%emt 0:00:23]} 50. Ra7 {[%emt 0:01:37]} Bb2 {[%emt 0:00:36]} 51. g5 {[%emt 0:04:06]} Bxa3 {[%emt 0:00:15]} 52. Nd5 {[%emt 0:01:07]} Bb2 {[%emt 0:00:37]} 53. f5 {[%emt 0:03:03]} Rg3 {[%emt 0:00:45]} 54. Nc7+ {[%emt 0:00:41]} Kd7 {[%emt 0:00:37]} 55. Ne6+ {[%emt 0:00:05]} Kd6 {[%emt 0:00:18]} 56. Ra6+ {[%emt 0:00:55]} Ke7 {[%emt 0:00:43]} 57. Rb6 {[%emt 0:00:32]} Ba1 {[%emt 0:00:31]} 58. Rb1 {[%emt 0:00:16]} Bh8 {[%emt 0:00:16]} 59. Kf4 {[%emt 0:02:21]} Rg2 {[%emt 0:00:23]} 60. Kf3 {[%emt 0:00:09]} Ra2 {[%emt 0:00:29]} 61. Kg4 {[%emt 0:00:09]} Rh2 {[%emt 0:00:50]} 62. Nf4 {[%emt 0:01:15]} Bd4 {[%emt 0:00:24]} 63. f6+ {[%emt 0:00:48]} Kd6 {[%emt 0:00:39]} 64. Rd1 {[%emt 0:00:22]} Ke5 {[%emt 0:00:13]} 65. Ng6+ {[%emt 0:00:07]} Ke4 {[%emt 0:00:11]} 66. Rxd4+ {[%emt 0:00:11]} 1-0

[Event "9th RTU Open 2019"]
[Site "Riga"]
[Date "2019.08.09"]
[Round "8.33"]
[White "Smirnov, Artem"]
[Black "Lazavik, Denis"]
[Result "1/2-1/2"]
[WhiteElo "2421"]
[BlackElo "2347"]
[Annotator "NA"]
[PlyCount "86"]
[EventDate "2019.08.05"]
[EventType "swiss"]
[EventCountry "LAT"]
[SourceTitle "playchess.com"]
[Source "ChessBase"]
[SourceQuality "1"]
[TimeControl "5400+30"]

1. d4 {[%emt 0:02:31]} d5 {[%emt 0:00:00]} 2. c4 {[%emt 0:00:05]} c6 {[%emt 0:00:18]} 3. Nf3 {[%emt 0:00:04]} Nf6 {[%emt 0:00:21]} 4. Nc3 {[%emt 0:00:06]} dxc4 {[%emt 0:00:11]} 5. a4 {[%emt 0:00:04]} Bf5 {[%emt 0:00:18]} 6. Nh4 {[%emt 0:00:04]} e6 {[%emt 0:00:27]} 7. Nxf5 {[%emt 0:00:05]} exf5 {[%emt 0:00:17]} 8. e3 {[%emt 0:00:04]} Bb4 {[%emt 0:00:24]} 9. Bxc4 {[%emt 0:00:05]} O-O {[%emt 0:00:09]} 10. Qc2 {[%emt 0:00:05]} g6 {[%emt 0:02:18]} 11. O-O {[%emt 0:00:07]} Nbd7 {[%emt 0:00:14]} 12. f3 {[%emt 0:00:06]} Rc8 {[%emt 0:00:34]} 13. Kh1 {[%emt 0:00:13]} c5 {[%emt 0:00:30]} 14. Ba2 {[%emt 0:00:13]} Qa5 {[%emt 0:00:24]} 15. Qf2 {[%emt 0:03:46]} Rfe8 {[%emt 0:02:57]} 16. g4 {[%emt 0:07:29]} fxg4 {[%emt 0:20:53]} 17. fxg4 {[%emt 0:01:21]} Bxc3 {[%emt 0:00:54]} 18. bxc3 {[%emt 0:01:00]} c4 {[%emt 0:00:32]} 19. Rb1 {[%emt 0:13:38]} Qd5+ {[%emt 0:04:44]} 20. Qf3 {[%emt 0:00:22]} Qxf3+ {[%emt 0:00:24]} 21. Rxf3 {[%emt 0:00:06]} Rc7 {[%emt 0:00:29]} 22. Rb4 {[%emt 0:22:57]} Kg7 {[%emt 0:11:31]} 23. g5 {[%emt 0:41:57]} Ne4 {[%emt 0:00:16]} 24. Rxc4 {[%emt 0:00:05]} Rxc4 {[%emt 0:00:18]} 25. Bxc4 {[%emt 0:00:01]} Nxg5 {[%emt 0:00:14]} 26. Rf1 {[%emt 0:00:32]} Rc8 {[%emt 0:01:39]} 27. Bd5 {[%emt 0:02:23]} f5 {[%emt 0:04:01]} 28. Bxb7 {[%emt 0:02:51]} Rxc3 {[%emt 0:00:11]} 29. d5 {[%emt 0:00:51]} Rc2 {[%emt 0:00:13]} 30. d6 {[%emt 0:00:52]} Ne4 {[%emt 0:01:26]} 31. Bxe4 {[%emt 0:00:50]} fxe4 {[%emt 0:00:05]} 32. Ba3 {[%emt 0:00:12]} Ne5 {[%emt 0:04:26]} 33. d7 {[%emt 0:00:43]} Nxd7 {[%emt 0:00:22]} 34. Rb1 {[%emt 0:00:27]} Ra2 {[%emt 0:07:57]} 35. Bb2+ {[%emt 0:00:39]} Kf7 {[%emt 0:00:10]} 36. Bd4 {[%emt 0:00:06]} Rxa4 {[%emt 0:09:37]} 37. Rb7 {[%emt 0:00:02]} Ke6 {[%emt 0:00:07]} 38. Bxa7 {[%emt 0:00:04]} Kd6 {[%emt 0:01:37]} 39. Bd4 {[%emt 0:00:30]} Kc6 {[%emt 0:00:08]} 40. Rb2 {[%emt 0:00:42]} Ra5 {[%emt 0:00:33]} 41. Kg2 {[%emt 0:01:35]} Kd6 {[%emt 0:01:45]} 42. Rb7 {[%emt 0:00:24]} h5 {[%emt 0:02:27]} 43. h4 {[%emt 0:00:33]} Kc6 {[%emt 0:02:12]} 1/2-1/2

[Event "9th RTU Open 2019"]
[Site "Riga"]
[Date "2019.08.11"]
[Round "9.1"]
[White "Kovalenko, Igor"]
[Black "Gajewski, Grzegorz"]
[Result "1-0"]
[WhiteElo "2654"]
[BlackElo "2613"]
[Annotator "TA"]
[PlyCount "61"]
[EventDate "2019.08.05"]
[EventType "swiss"]
[EventCountry "LAT"]
[SourceTitle "playchess.com"]
[Source "ChessBase"]
[SourceQuality "1"]

{[%evp 9,133,14,16,-6,-3,-10,-5,-16,-8,-34,6,5,11,-14,-6,-43,-15,-16,-16,-15,-16,-18,-14,-30,10,0,39,43,46,35,130,121,121,125,132,104,160,124,138,43,41,54,42,3,66,54,86,73,72,85,79,83,90,24,27,31,100,89,99,89,131,133,136,130,119,129,123,127,116,118,118,117,111,111,113,95,80,48,106,116,166,12,281,281,254,203,308,308,300,290,429,270,387,382,578,576,561,548,632,629,607,562,555,527,563,556,547,500,517,541,521,427,1884,1975,2972,3057,2977,1542,3307,2500,1813,1272,4622,4606,1411,1298]} 1. c4 e5 2. g3 Nf6 3. Bg2 Bc5 4. a3 (4. Nc3 O-O 5. e3 Re8 6. Nge2 d6 7. O-O c6 8. b3 Bb6 9. Ba3 Bf5 10. d4 e4 11. h3 h6 12. g4 Bh7 13. Ng3 d5 14. h4 {1-0 (38) Mamedyarov,S (2801)-Anand,V (2768) Saint Louis 2018}) 4... d5 5. cxd5 Nxd5 6. e3 $146 {A20: English Opening: 1...e5} (6. Qa4+ {looks sharper.} c6 7. Nf3 Qe7 8. d3 O-O 9. O-O) ({Predecessor:} 6. d3 O-O 7. Nd2 Be6 8. Ne4 Bb6 9. Nf3 Nc6 10. O-O h6 11. Bd2 f5 12. Nc3 Nxc3 13. Bxc3 {0-1 (55) Keller,N (1155)-Heim,D (1274) Schiffweiler 2009}) 6... Nc6 7. Ne2 O-O 8. b4 {The position is equal.} Bb6 9. Bb2 a6 10. O-O Be6 11. Qc1 Qd7 12. f4 Bh3 13. Bxh3 $1 Qxh3 14. fxe5 Rae8 15. Nf4 Nxf4 16. gxf4 Re6 17. Rf2 Rg6+ 18. Kh1 Ne7 19. Nc3 Nf5 (19... Rd8 $14) 20. Ne4 $16 Rd8 21. Qf1 Qh6 22. Re1 Rg3 (22... c5 $142) 23. Qc4 Rg4 24. e6 (24. Qe2 $16 Qg6 25. d4) 24... Qxe6 $14 25. Qxe6 fxe6 26. Ng5 Re8 (26... Rd3 $11) 27. h3 $36 {[%mdl 2048] Black is under pressure.} Rg3 28. Kh2 $1 e5 {Threatens to win with ...exf4.} 29. Ne4 exf4 30. Rxf4 Rg6 31. Rxf5 {Played: Ne4-f6} 1-0

[Event "9th RTU Open 2019"]
[Site "Riga"]
[Date "2019.08.11"]
[Round "9.2"]
[White "Sulskis, Sarunas"]
[Black "Pultinevicius, Paulius"]
[Result "1-0"]
[WhiteElo "2528"]
[BlackElo "2481"]
[Annotator "ChessBase"]
[PlyCount "107"]
[EventDate "2019.08.05"]
[EventType "swiss"]
[EventCountry "LAT"]
[SourceTitle "playchess.com"]
[Source "ChessBase"]
[SourceQuality "1"]
[TimeControl "5400+30"]

1. e4 {[%emt 0:00:00]} c6 {[%emt 0:00:00]} 2. d4 {[%emt 0:00:00]} d5 {[%emt 0:00:00]} 3. e5 {[%emt 0:00:06]} Bf5 {[%emt 0:00:04]} 4. g4 {[%emt 0:00:10]} Be4 {[%emt 0:00:06]} 5. f3 {[%emt 0:00:09]} Bg6 {[%emt 0:00:04]} 6. e6 {[%emt 0:00:09]} Qd6 {[%emt 0:00:33]} 7. exf7+ {[%emt 0:02:23]} Bxf7 {[%emt 0:00:30]} 8. Nh3 {[%emt 0:00:42]} Nd7 {[%emt 0:06:11]} 9. Qe2 {[%emt 0:09:11]} e5 {[%emt 0:06:26]} 10. Bf4 {[%emt 0:04:50]} Be7 {[%emt 0:01:00]} 11. dxe5 {[%emt 0:09:35]} Bh4+ {[%emt 0:00:07]} 12. Bg3 {[%emt 0:05:41]} Bxg3+ {[%emt 0:00:43]} 13. hxg3 {[%emt 0:00:08]} Qxe5 {[%emt 0:00:37]} 14. Nd2 {[%emt 0:02:23]} O-O-O {[%emt 0:03:51]} 15. Qxe5 {[%emt 0:03:10]} Nxe5 {[%emt 0:00:05]} 16. O-O-O {[%emt 0:00:09]} Nf6 {[%emt 0:07:07]} 17. g5 {[%emt 0:02:05]} Nfd7 {[%emt 0:01:24]} 18. Nf2 {[%emt 0:02:33]} Kc7 {[%emt 0:12:28]} 19. f4 {[%emt 0:02:37]} Nc4 {[%emt 0:01:32]} 20. Nxc4 {[%emt 0:12:47]} dxc4 {[%emt 0:00:32]} 21. Bg2 {[%emt 0:00:34]} Rde8 {[%emt 0:02:36]} 22. Rde1 {[%emt 0:03:31]} Rxe1+ {[%emt 0:06:18]} 23. Rxe1 {[%emt 0:00:06]} Re8 {[%emt 0:00:08]} 24. Rxe8 {[%emt 0:00:40]} Bxe8 {[%emt 0:00:04]} 25. Kd2 {[%emt 0:00:21]} Kd6 {[%emt 0:04:34]} 26. Ne4+ {[%emt 0:03:14]} Ke7 {[%emt 0:01:09]} 27. Bh3 {[%emt 0:00:18]} Bf7 {[%emt 0:05:56]} 28. Bxd7 {[%emt 0:06:25]} Kxd7 {[%emt 0:00:36]} 29. Kc3 {[%emt 0:08:25]} Ke6 {[%emt 0:12:13]} 30. Kd4 {[%emt 0:01:57]} b6 {[%emt 0:00:38]} 31. g4 {[%emt 0:01:17]} Bg6 {[%emt 0:07:02]} 32. c3 {[%emt 0:01:40]} c5+ {[%emt 0:00:20]} 33. Ke3 {[%emt 0:00:13]} Be8 {[%emt 0:01:24]} 34. f5+ {[%emt 0:01:25]} Ke5 {[%emt 0:01:14]} 35. Nd2 {[%emt 0:00:08]} Kd5 {[%emt 0:01:58]} 36. Kf4 {[%emt 0:00:20]} b5 {[%emt 0:03:48]} 37. Nf3 {[%emt 0:01:09]} Kd6 {[%emt 0:00:39]} 38. Ne5 {[%emt 0:01:08]} Kd5 {[%emt 0:00:59]} 39. f6 {[%emt 0:02:00]} gxf6 {[%emt 0:00:04]} 40. gxf6 {[%emt 0:00:05]} Ke6 {[%emt 0:00:02]} 41. g5 {[%emt 0:00:22]} h6 {[%emt 0:02:27]} 42. gxh6 {[%emt 0:01:59]} Kxf6 {[%emt 0:00:04]} 43. Ng4+ {[%emt 0:00:29]} Kg6 {[%emt 0:00:13]} 44. Ke5 {[%emt 0:03:37]} b4 {[%emt 0:01:46]} 45. Kd6 {[%emt 0:02:55]} bxc3 {[%emt 0:00:13]} 46. bxc3 {[%emt 0:00:07]} Ba4 {[%emt 0:00:02]} 47. Kxc5 {[%emt 0:00:13]} Bd1 {[%emt 0:00:27]} 48. Ne5+ {[%emt 0:01:05]} Kxh6 {[%emt 0:00:04]} 49. Nc6 {[%emt 0:00:13]} Kg5 {[%emt 0:01:32]} 50. Nxa7 {[%emt 0:00:09]} Kf5 {[%emt 0:01:53]} 51. Nc8 {[%emt 0:01:15]} Ke6 {[%emt 0:00:36]} 52. Nb6 {[%emt 0:00:17]} Bf3 {[%emt 0:00:38]} 53. a4 {[%emt 0:00:12]} Ke7 {[%emt 0:00:05]} 54. a5 {[%emt 0:01:05]} 1-0

[Event "9th RTU Open 2019"]
[Site "Riga"]
[Date "2019.08.11"]
[Round "9.3"]
[White "Tari, Aryan"]
[Black "Puranik, Abhimanyu"]
[Result "1-0"]
[WhiteElo "2620"]
[BlackElo "2550"]
[Annotator "TA"]
[PlyCount "65"]
[EventDate "2019.08.05"]
[EventType "swiss"]
[EventCountry "LAT"]
[SourceTitle "playchess.com"]
[Source "ChessBase"]
[SourceQuality "1"]

{[%evp 21,77,16,16,14,15,7,20,10,75,28,21,21,31,25,88,49,174,168,417,425,421,433,419,420,402,413,415,447,441,323,363,332,894,597,539,602,588,583,754,473,595,435,862,850,740,469,435,432,368,356,938,933,765,587,1160,1150,1454,1246]} 1. d4 Nf6 2. c4 g6 3. Nc3 d5 4. Nf3 Bg7 5. cxd5 Nxd5 6. e4 Nxc3 7. bxc3 c5 8. Be3 Qa5 9. Qd2 O-O 10. Rc1 Rd8 11. d5 e6 12. Bg5 {D85: Exchange Grünfeld: Unusual White 7th moves and lines with 7 Nf3} f6 13. Be3 exd5 (13... Nc6 14. h4 exd5 15. exd5 Bg4 16. Be2 c4 17. Bxc4 Bxf3 18. gxf3 Ne5 19. Be2 Qxd5 20. Qxd5+ Rxd5 {½-½ (40) Akobian,V (2625)-So,W (2762) Saint Louis 2019}) 14. exd5 {The position is equal.} b6 (14... Nc6 $11) 15. Be2 Nc6 16. O-O Ne7 17. Rfd1 $146 ({Predecessor:} 17. c4 Qxd2 18. Bxd2 Bd7 {0-1 (32) Braun,C (2243)-Gupta,A (2626) Bad Wiessee 2016}) 17... Bd7 ({Reject} 17... Nxd5 $6 18. c4 $16) (17... Be6 $11 {remains equal.}) 18. d6 $36 {[%mdl 2048] White is pushing.} Be6 {[#]} (18... Nf5 $14) 19. Bf4 $1 $18 {aiming for Qe3.} Kf7 $2 (19... Nf5) 20. Bd3 {Strongly threatening Re1.} Nf5 21. Be4 Qa4 22. Bxa8 Rxa8 23. g4 Nh6 24. h3 Ng8 25. c4 Rd8 26. Qe2 b5 $2 (26... Bc8 27. Rc3 Qd7) 27. Qe3 bxc4 28. Qxc5 Rc8 29. Qe3 Qd7 30. Rc3 a5 31. Kh2 h6 (31... Ne7 $142 32. Qe4 Nc6) 32. Nd4 Bd5 33. Nb3 {Played: Nd4-f5} 1-0

[Event "9th RTU Open 2019"]
[Site "Riga"]
[Date "2019.08.11"]
[Round "9.4"]
[White "Thybo, Jesper Sondergaard"]
[Black "Svane, Rasmus"]
[Result "1-0"]
[WhiteElo "2528"]
[BlackElo "2615"]
[Annotator "TA"]
[PlyCount "77"]
[EventDate "2019.08.05"]
[EventType "swiss"]
[EventCountry "LAT"]
[SourceTitle "playchess.com"]
[Source "ChessBase"]
[SourceQuality "1"]

{[%evp 11,137,20,20,32,24,24,20,24,20,9,0,0,15,8,22,11,13,1,0,0,0,0,0,0,0,-19,5,0,18,-15,-10,0,-3,-19,11,0,0,0,0,0,0,0,35,0,291,304,282,293,272,250,565,538,1053,1037,550,1021,994,1004,987,975,943,936,891,889,796,735,453,412,410,411,394,362,362,324,328,308,565,464,479,462,466,456,515,501,825,818,824,787,1140,1130,1072,968,1402,1421,29972,29970,29976,29977,29988,29987,29988,29987,29987,0,29987,0,29986,29987,29987,29988,29988,29989,29989,29990,29990,29991,29991,29992,29992,29993,29993,29994,29994,29994,29996,29993,29997,29998]} 1. Nf3 d5 2. d4 Nf6 3. c4 e6 4. g3 dxc4 5. Bg2 Bb4+ 6. Bd2 a5 7. Qc2 {E04: Open Catalan: 5 Nf3} (7. a3 Bxd2+ 8. Nbxd2 b5 9. b3 cxb3 10. Qxb3 c6 11. O-O O-O 12. Rfc1 Bb7 13. Qb2 Nbd7 14. Ne1 Qb8 {0-1 (55) Bluebaum,M (2620)-Anand,V (2773) Germany 2019}) 7... b6 8. Qxc4 Ba6 9. Qc2 {The position is equal.} c5 10. Nc3 $146 ({Predecessor:} 10. a3 Bxd2+ 11. Nfxd2 Nbd7 12. dxc5 Rc8 13. c6 Nb8 14. Nc3 Nxc6 {½-½ (24) Chekletsov,I (2379)-Bluebaum,M (2637) Riga 2018}) 10... Nbd7 11. a3 Bxc3 12. Bxc3 Rc8 13. O-O Nd5 14. Qd2 Nxc3 15. bxc3 O-O 16. Rfe1 Qc7 17. e4 Rfd8 18. Rac1 b5 19. Bf1 Nb6 20. h4 Nc4 21. Bxc4 bxc4 22. Qg5 Qd6 {[%cal Rc5d4]} 23. d5 h6 24. Qh5 exd5 25. exd5 Bb7 26. Rcd1 Qf6 ({Avoid the trap} 26... Bxd5 $2 27. Rxd5 $1 {[%mdl 512]} Qxd5 28. Re8+ $1 {[%mdl 512]} Kh7 29. Qxd5 $18) 27. Nh2 Qxc3 $2 {[%mdl 8192]} (27... Re8 $11) 28. Re7 $18 g6 {[#]} 29. Qg4 $1 {[%cal Rg4f4]} Qb3 {Strongly threatening ...h5.} 30. h5 $40 {[%mdl 128] Black is in trouble.} g5 $2 {[#]} (30... Rd6 {is tougher.}) 31. Rxf7 $3 {[%mdl 576] Hoping for Re7. Decoy} Kxf7 32. Qe6+ Kg7 33. Qg6+ Kf8 34. Qxh6+ Kf7 35. Qg6+ Kf8 36. Qf6+ Kg8 37. Qxg5+ Kf8 38. Qf5+ Kg8 39. Qe6+ {Played: Rd1-b1} 1-0

[Event "9th RTU Open 2019"]
[Site "Riga"]
[Date "2019.08.11"]
[Round "9.5"]
[White "Mikaelyan, Arman"]
[Black "Gopal G.N."]
[Result "1-0"]
[WhiteElo "2454"]
[BlackElo "2594"]
[Annotator "ChessBase"]
[PlyCount "89"]
[EventDate "2019.08.05"]
[EventType "swiss"]
[EventCountry "LAT"]
[SourceTitle "playchess.com"]
[Source "ChessBase"]
[SourceQuality "1"]
[TimeControl "5400+30"]

1. d4 {[%emt 0:00:00]} Nf6 {[%emt 0:00:00]} 2. Bg5 {[%emt 0:00:00]} d5 {[%emt 0:00:22]} 3. e3 {[%emt 0:00:08]} c6 {[%emt 0:03:20]} 4. Bd3 {[%emt 0:00:31]} Bg4 {[%emt 0:00:18]} 5. Ne2 {[%emt 0:02:10]} Nbd7 {[%emt 0:01:27]} 6. f3 {[%emt 0:02:00]} Bh5 {[%emt 0:00:23]} 7. O-O {[%emt 0:00:40]} e5 {[%emt 0:04:21]} 8. c4 {[%emt 0:03:17]} dxc4 {[%emt 0:05:04]} 9. Bxc4 {[%emt 0:00:14]} Be7 {[%emt 0:01:04]} 10. Nbc3 {[%emt 0:02:37]} O-O {[%emt 0:00:55]} 11. Bb3 {[%emt 0:00:49]} Bg6 {[%emt 0:07:58]} 12. Bh4 {[%emt 0:05:11]} Re8 {[%emt 0:12:22]} 13. Bf2 {[%emt 0:04:59]} exd4 {[%emt 0:01:25]} 14. Nxd4 {[%emt 0:00:51]} Ne5 {[%emt 0:08:31]} 15. Bc2 {[%emt 0:07:44]} Bc5 {[%emt 0:05:25]} 16. e4 {[%emt 0:03:38]} b5 {[%emt 0:04:19]} 17. a4 {[%emt 0:03:23]} a6 {[%emt 0:03:44]} 18. Nce2 {[%emt 0:02:11]} Qc7 {[%emt 0:04:40]} 19. Kh1 {[%emt 0:04:40]} Rad8 {[%emt 0:01:32]} 20. Qc1 {[%emt 0:05:35]} Qb6 {[%emt 0:05:07]} 21. Rd1 {[%emt 0:03:50]} Rd7 {[%emt 0:02:49]} 22. Bg1 {[%emt 0:05:19]} a5 {[%emt 0:13:20]} 23. b3 {[%emt 0:09:38]} Red8 {[%emt 0:01:29]} 24. Qg5 {[%emt 0:04:22]} Re8 {[%emt 0:03:30]} 25. h3 {[%emt 0:12:33]} h6 {[%emt 0:00:12]} 26. Qg3 {[%emt 0:00:56]} bxa4 {[%emt 0:04:36]} 27. Rxa4 {[%emt 0:00:53]} Qd8 {[%emt 0:01:31]} 28. f4 {[%emt 0:04:33]} Bxe4 {[%emt 0:01:32]} 29. fxe5 {[%emt 0:00:49]} Nh5 {[%emt 0:00:08]} 30. Qg4 {[%emt 0:03:15]} Bxc2 {[%emt 0:00:40]} 31. Rc1 {[%emt 0:00:07]} Bxd4 {[%emt 0:01:24]} 32. Nxd4 {[%emt 0:00:08]} Bg6 {[%emt 0:01:25]} 33. Nxc6 {[%emt 0:00:46]} Qc7 {[%emt 0:01:01]} 34. Rxa5 {[%emt 0:04:11]} Rd2 {[%emt 0:00:32]} 35. Ra7 {[%emt 0:00:29]} Qxa7 {[%emt 0:00:29]} 36. Bxa7 {[%emt 0:00:21]} Be4 {[%emt 0:00:28]} 37. Rg1 {[%emt 0:00:43]} g6 {[%emt 0:00:16]} 38. Nd4 {[%emt 0:00:58]} Ra8 {[%emt 0:00:47]} 39. Kh2 {[%emt 0:00:34]} Bd5 {[%emt 0:00:18]} 40. Nb5 {[%emt 0:01:00]} Bc6 {[%emt 0:00:41]} 41. e6 {[%emt 0:00:19]} Bxb5 {[%emt 0:00:31]} 42. exf7+ {[%emt 0:00:08]} Kh7 {[%emt 0:00:00]} 43. Bc5 {[%emt 0:00:15]} Nf6 {[%emt 0:00:52]} 44. Qf4 {[%emt 0:00:22]} Rd7 {[%emt 0:00:30]} 45. Qxf6 {[%emt 0:00:13]} 1-0